000
00285nam a22001217a 4500
008
181001b xxu||||| |||| 00| 0 eng d
041
_a
eng
080
_2
18 ed
_a
615
100
_a
5
101
_a
FAR
245
_a
Remington s Pharmaceutical Sciences
_c
Alfonso.A.G
942
_2
udc
_c
BK
999
_c
48724
_d
48724